[Event "Yvelines-ch"]
[Site "Fontenay le Fleury"]
[Date "2012.02.25"]
[Round "6"]
[White "Mottet, Andre"]
[Black "Lesniak, Brigitte"]
[Result "1-0"]
[WhiteElo "1560"]
[BlackElo "1110"]
[PlyCount "37"]
[EventDate "2012.02.18"]
[EventType "swiss"]
[EventRounds "7"]
[EventCountry "FRA"]
[SourceTitle "EXT 2013"]
[Source "ChessBase"]
[SourceDate "2012.11.22"]
[SourceVersion "1"]
[SourceVersionDate "2012.11.22"]
[SourceQuality "1"]

1. d4 d5 2. c4 c6 3. Nc3 e6 4. Nf3 Nf6 5. Bg5 Be7 6. e3 b6 7. Bd3 Qc7 8. Rc1 Nbd7 9. cxd5 exd5 10. 0-0 c5 11. Nb5 Qb7 12. Ne5 0-0 13. Nxd7 Qxd7 14. dxc5 bxc5 15. Bxf6 gxf6 16. Nc3 Bb7 17. Qh5 f5 18. Bxf5 Qd6 19. Qxh7# 1-0

[Event "Yvelines-ch"]
[Site "Fontenay le Fleury"]
[Date "2012.02.19"]
[Round "3"]
[White "David, Jean Luc"]
[Black "Lesniak, Brigitte"]
[Result "1-0"]
[WhiteElo "1688"]
[BlackElo "1110"]
[PlyCount "49"]
[EventDate "2012.02.18"]
[EventType "swiss"]
[EventRounds "7"]
[EventCountry "FRA"]
[SourceTitle "EXT 2013"]
[Source "ChessBase"]
[SourceDate "2012.11.22"]
[SourceVersion "1"]
[SourceVersionDate "2012.11.22"]
[SourceQuality "1"]

1. c4 e5 2. Nc3 d6 3. Nf3 Nc6 4. d4 f6 5. d5 Nce7 6. e4 b6 7. h4 Ng6 8. h5 N6e7 9. Rh4 h6 10. Be2 Bb7 11. b4 a6 12. a4 Nc8 13. a5 Be7 14. Rg4 Rh7 15. Be3 Qd7 16. Rg6 Kf7 17. Nh4 f5 18. Nxf5 Bf6 19. Bg4 Nge7 20. Nxh6+ gxh6 21. Bxd7 Nxg6 22. hxg6+ Kxg6 23. Qg4+ Kf7 24. Qh5+ Ke7 25. Qe8# 1-0